Happiness at work : (Record no. 2726)

000 -LEADER
fixed length control field 01227nam a2200337 a 4500
003 - CONTROL NUMBER IDENTIFIER
control field AKMAL
005 - DATE AND TIME OF LATEST TRANSACTION
control field 20170517155350.0
008 - FIXED-LENGTH DATA ELEMENTS--GENERAL INFORMATION
fixed length control field 170517s2010 ny a e 001 0 eng d
020 ## - INTERNATIONAL STANDARD BOOK NUMBER
International Standard Book Number 9780071664325 (hbk.) :
Terms of availability RM 72.20
040 ## - CATALOGING SOURCE
Original cataloging agency AKMAL
082 04 - DEWEY DECIMAL CLASSIFICATION NUMBER
Classification number 650.1 RAO
Edition number 22
090 00 - LOCALLY ASSIGNED LC-TYPE CALL NUMBER (OCLC); LOCAL CALL NUMBER (RLIN)
Classification number (OCLC) (R) ; Classification number, CALL (RLIN) (NR) 650.1
Local cutter number (OCLC) ; Book number/undivided call number, CALL (RLIN) RAO
100 1# - MAIN ENTRY--PERSONAL NAME
Personal name Rao, Srikumar S.
9 (RLIN) 5760
245 10 - TITLE STATEMENT
Title Happiness at work :
Remainder of title be resillent, motivated, and successful - no matter what /
Statement of responsibility, etc. Srikumar S. Rao
260 ## - PUBLICATION, DISTRIBUTION, ETC.
Place of publication, distribution, etc. New York :
Name of publisher, distributor, etc. McGraw Hill,
Date of publication, distribution, etc. 2010
300 ## - PHYSICAL DESCRIPTION
Extent xix, 235p. :
Other physical details ill. ;
Dimensions 22cm.
500 ## - GENERAL NOTE
General note Includes index
650 10 - SUBJECT ADDED ENTRY--TOPICAL TERM
Topical term or geographic name entry element Job satisfaction
9 (RLIN) 5588
650 20 - SUBJECT ADDED ENTRY--TOPICAL TERM
Topical term or geographic name entry element Success in business
9 (RLIN) 1084
650 20 - SUBJECT ADDED ENTRY--TOPICAL TERM
Topical term or geographic name entry element Work
General subdivision Psychological aspects
9 (RLIN) 5761
942 ## - ADDED ENTRY ELEMENTS (KOHA)
Source of classification or shelving scheme
Koha item type Book
Holdings
Withdrawn status Lost status Source of classification or shelving scheme Damaged status Not for loan Collection code Home library Current library Shelving location Date acquired Inventory number Total Checkouts Full call number Barcode Date last seen Date last checked out Price effective from Koha item type
          NON-FICTION AKMAL Melaka AKMAL Melaka PINJAMAN 17.05.2017 602733 3 650.1 RAO 201703612 19.09.2019 27.08.2019 17.05.2017 Book
Pusat Sumber Maklumat Dato' Haji Sarmin Md Hussin, Akademi Kastam Diraja Malaysia, Melaka
Tel: 06-2331106 | Faks: 06-2313787